Quick Pick: Italy's Top 10 Cities Quiz Stats

 Plays Quiz Updated Aug 25, 2018

Challenge
Share
Tweet
Embed
Score 0/10 Timer 01:00
2 Plays Today
% Correct
Rome
97.9%
Milan
96%
Naples
95.3%
Florence
91.6%
Bologna
82.1%
Turin
81%
Genoa
79.8%
Palermo
74%
Bari
28.2%
Catania
22.8%

Today's Daily Dose

Missing Word
Top 10 Artists

Word Ladder
'70s Song II

On This Day
October 20th II

You're not logged in!

Compare scores with friends on all Sporcle quizzes.
Join for Free
OR
Log In

You Might Also Like...

Show Comments

Extras

Top Quizzes Today


Score Distribution

Your Account Isn't Verified!

In order to create a playlist on Sporcle, you need to verify the email address you used during registration. Go to your Sporcle Settings to finish the process.

Report this User

Report this user for behavior that violates our Community Guidelines.

Details: